<?xml version="1.0" encoding="UTF-8"?>
<record
    xmlns:xsi="http://www.w3.org/2001/XMLSchema-instance"
    xsi:schemaLocation="http://www.loc.gov/MARC21/slim http://www.loc.gov/standards/marcxml/schema/MARC21slim.xsd"
    xmlns="http://www.loc.gov/MARC21/slim">

  <leader>09110njm a2200673Ia 4500</leader>
  <controlfield tag="001">25684</controlfield>
  <controlfield tag="003">IT-RoPAU</controlfield>
  <controlfield tag="005">20220918181123.0</controlfield>
  <controlfield tag="008">131025s9999    xx            000 0 und d</controlfield>
  <datafield tag="040" ind1=" " ind2=" ">
    <subfield code="a">IT-RoPAU</subfield>
  </datafield>
  <datafield tag="040" ind1=" " ind2=" ">
    <subfield code="c">IT-RoPAU</subfield>
  </datafield>
  <datafield tag="999" ind1=" " ind2=" ">
    <subfield code="c">99953</subfield>
    <subfield code="d">99953</subfield>
  </datafield>
  <datafield tag="999" ind1=" " ind2=" ">
    <subfield code="b">n.d.</subfield>
  </datafield>
  <datafield tag="100" ind1=" " ind2=" ">
    <subfield code="a">AA.VV.</subfield>
    <subfield code="9">794</subfield>
  </datafield>
  <datafield tag="100" ind1=" " ind2=" ">
    <subfield code="e">Autore musica</subfield>
    <subfield code="9">13589</subfield>
  </datafield>
  <datafield tag="100" ind1=" " ind2=" ">
    <subfield code="g">Codice autore musica SPICS: 12000</subfield>
    <subfield code="9">796</subfield>
  </datafield>
  <datafield tag="245" ind1=" " ind2=" ">
    <subfield code="a">Favolose big bands (Le)</subfield>
  </datafield>
  <datafield tag="250" ind1=" " ind2=" ">
    <subfield code="a">2a ed.</subfield>
  </datafield>
  <datafield tag="260" ind1=" " ind2=" ">
    <subfield code="a">MILANO</subfield>
  </datafield>
  <datafield tag="260" ind1=" " ind2=" ">
    <subfield code="b">MUSICA JAZZ</subfield>
    <subfield code="c">1982 [1a Ed.:]</subfield>
  </datafield>
  <datafield tag="300" ind1=" " ind2=" ">
    <subfield code="a">DISCO</subfield>
  </datafield>
  <datafield tag="300" ind1=" " ind2=" ">
    <subfield code="c">43 minuti (Testo:  pag.)</subfield>
  </datafield>
  <datafield tag="500" ind1=" " ind2=" ">
    <subfield code="a">Disco fuori commercio allegato al n. 11 '82 di "Musica jazz" contenente esecuzioni particolarmente significative di alcune delle pi&#xF9; importanti orchestre della storia jazzistica ordinate secondo un criterio storico-cronolocico. Evoluzione del linguaggio jazzistico orchestrale</subfield>
  </datafield>
  <datafield tag="505" ind1=" " ind2=" ">
    <subfield code="a">Variety Stomp [(New York, 27 aprile 1927) (Henderson Fletcher) (3:00)] - Save It Pretty Mama [(Camden, 8 aprile 1929) (McKinney's Cotton Pickers) (3:00)] - Saratoga Shout (New York, 24 gennaio 1930) (Russell Luis) (4:00)] - Let's Get Together [(New York, 15 gennaio 1934) (Webb Chick) (4:00)] - Walkin' and swingin' (New York, 2 marzo 1936) (Kirk Andy) (3:00)] - For Dancers Only [(New York, 15 giugno 1937) (Lunceford Jimmie) (3:00)] - Doggin' Around [(New York, 6 giugno 1938) (Basie Count) (3:00)] - Honeysuckle Rose [(New York, 22 novembre 1939) (Goodman Benny) (3:00)] - Jack the Bear [(New York, giugno 1940) (Ellington Duke) (3:00)] - Calling All Bars [(New York, 18 maggio 1940) (Calloway Cab) (4:00)] - Swingmatism (Dallas, 30 aprile 1941) (McShann Jay) (3:00)] - Eager Beaver [(Hollywood, 30 novembre 1944) (Kenton Stan) (3:00)] - Goof and I (The) (Hollywood, 7 marzo 1948) (Herman Woody) (3:00)] - One Bass Hit [(New York, 2 ottobre 1948) (Gillespie Dizzy) (5:00)]</subfield>
  </datafield>
  <datafield tag="511" ind1=" " ind2=" ">
    <subfield code="a">Smith Russell: tr; Smith Joe: tr; Ladnier Tommy: tr; Harrison Jimmy: trne; Morton Benny: trne; Bailey Buster: cl, alto; Redman Don: cl, alto; Hawkins Coleman: ten; Henderson Fletcher: p; Dixon Charlie: bjo; Cole June: tu; Marshall Kaiser: batt; Arrangiatori:  Henderson Fletcher; Assoli: Morton Smith, Joe Henderson, Redman Harrison Hawkins; Fletcher Henderson's Orchestra</subfield>
  </datafield>
  <datafield tag="511" ind1=" " ind2=" ">
    <subfield code="a">Nesbitt John: tr; Curl Langston: tr; Jones Claude: trne; Dudley Jimmy: cl, alto; Redman Don: cl, alto; Thomas George: cl, ten; Robinson Prince: cl, ten; Rhodes Todd: p; Wilborn Dave: bjo; Escudero Ralph: tu; Austin Cuba: batt: Arrangiatore: Redman; Assoli: Curl Redman (Vocal), Rhodes; McKinney's Cotton Pickers</subfield>
  </datafield>
  <datafield tag="511" ind1=" " ind2=" ">
    <subfield code="a">Allen Henry "Red": tr; Johnson Otis: tr; Higginbotham J.C.: trne; Nicholas Albert: cl, alto; Holmes Charlie: cl, alto; Hill Teddy: ten;  Russell Luis: p; Johnson Will: chit; Foster Pops: cb; Barbarin Paul: batt; Assoli: Higginbotham, Holmes, Nicholas, Higginbotham, Allen; Luis Russell and his Orchestra</subfield>
  </datafield>
  <datafield tag="511" ind1=" " ind2=" ">
    <subfield code="a">Bauza Mario: tr; Jones Renauld: tr; Jordan Taft: tr; Williams Sandy: trne; Clark Pete: alto; Sampson Edgar: alto; Williams Elmer: ten; Steele Joe: p; Trueheart John; chit; Kirby John: cb; Webb Chick: batt; Arrangiamento: Sampson; Assoli: Jones, Sampson, S. Williams, E. Williams; Chick Webb's Savoy Orchestra</subfield>
  </datafield>
  <datafield tag="511" ind1=" " ind2=" ">
    <subfield code="a">King Paul: tr; Thompson Earl: tr; Lawson Harry: tr; Donnelly Ted: trne; Harrington John: cl, alto; Williams John: alto, bar; Wilson Dick: ten; Kirk Andy: bar; Williams Mary Lou: p; Robinson Ted: chit; Collins Booker: b; Thigpen Ben: batt; Arrangiamento: M.L. Williams; Assoli: Williams, Wilson; Andy Kink &amp; His 12 Clouds of Joy</subfield>
  </datafield>
  <datafield tag="511" ind1=" " ind2=" ">
    <subfield code="a">Tompkin Eddie: tr; Webster Paul: tr; Oliver Sy: tr; Crumbley Elmer: trne; Bowles Russell: trne; Durham Eddie: trne; Smith Willie: alto; Brown Ed: alto; Grissom Dan: alto; Thomas Joe: ten; Carruthers Earl: bar; Wilcox Ed: p; Norris Al: chit; Allen Moses: cb; Crawford James: batt; Arrangiamento: Oliver; Assoli: Smith, Webster; Jimmie Lunceford &amp; his Orchestra</subfield>
  </datafield>
  <datafield tag="511" ind1=" " ind2=" ">
    <subfield code="a">Lewis Ed: tr; Clayton Buck: tr; Edison Harry: tr; Durham Eddie: trne; Morton Benny: trne; Minor Dan: trne; Warren Earl: alto; Young Lester: ten; Evans Herschel: ten; Washington Jack: bar; Basie Count: p; Greene Freddie: chit; Page Walter: cb; Jones Jo: batt; Arrangiamento: Evans; Assoli: Warren, Evans, Edison, Washington, Basie,Young, Jones; Count Basie and his Orchestra</subfield>
  </datafield>
  <datafield tag="511" ind1=" " ind2=" ">
    <subfield code="a">Elman Ziggy: tr; Maxwell Jimmy: tr; Martell Johnny: tr; Ballard Red: trne; Brown Vernon: trne; Vesley Ted: trne; Goodman Benny: cl; Mondello Toots: alto; Estes Buff: alto; Jerome Jerry: ten; Bassey Bus: ten; Henderson Fletcher: p; Christian Charlie: chit; Bernstein Artie: cb; Fatool Nick: batt; Arrangiamento: Henderson F.; Assoli: Goodman, Christian, Elman, Goodman; Benny Goodman and his Orchestra</subfield>
  </datafield>
  <datafield tag="511" ind1=" " ind2=" ">
    <subfield code="a">Jones Wallace: tr; Williams Cootie: tr; Stewart Rex: tr; Nanton Joe: trne; Tizol Juan: trne; Brown Lawrence: trne; Hardwicke Otto: alto; Hodges Johnny: alto; Bigard Barney: cl, ten; Webster Ben: ten;  Carney Harry: bar; Ellington Duke: p; Guy Fred: chit; Blanton Jimmy: cb; Greer Sonny: batt; Arrangiamento: Ellington; Assoli: Ellington, Bigard, Williams, Carney, Nanton, Blanton; Duke Ellington and his Orchestra</subfield>
  </datafield>
  <datafield tag="511" ind1=" " ind2=" ">
    <subfield code="a">Bauza Mario: tr; Wright Lamar: tr; Gillespie Dizzy: tr; Glenn Tyree: trne; Jackson Quentin: trne; Johnson Keg: trne; Blake Jerry: alto; Jefferson Hilton: alto; Berry Chu: ten; Thomas Walter: ten; Brown Andrew: as, bar; Paine Bennie: p; Barker Danny: chit; Hinton Milt: cb; Cole Cozy: batt; Arrangiamento: Carter Benny; Assoli: Gillespie, Jones, Berry; Cab Calloway and his Orchestra</subfield>
  </datafield>
  <datafield tag="511" ind1=" " ind2=" ">
    <subfield code="a">Bruce Harold: tr; Minor Orville: tr; Anderson Bernard: tr; Baird Joe: trne; Parker Charlie: alto; Jackson John: alto; Mabane Bob: ten; Ferguson Harry: ten; McShann Jay: p; Ramey Gene: cb; Johnson Gus: batt; Arrangiamento: William J. Scott; Assoli: McShann, Parker; Jay McShann and his Orchestra</subfield>
  </datafield>
  <datafield tag="511" ind1=" " ind2=" ">
    <subfield code="a">Carroll John: tr; Childers Buddy: tr; George Karl: tr; Roland Gene: tr; Green Mel: tr; Forbes Harry: trne; Zito Freddie: trne; Kabak Milt: trne; Varsalona Bart: trne; Lively Bob: alto; Mussulli Boots: alto; Carls Emmett; Ten Getz Stan; Ten Gioga Bob; Bar Kenton Stan; P Ahern Bob: chit; Kesterson Bob: cb; Falzone Jim: batt; Arrangiamento: Kenton; Assoli: Kenton, Carls; Stan Kenton and his Orchestra</subfield>
  </datafield>
  <datafield tag="511" ind1=" " ind2=" ">
    <subfield code="a">Probabilmente;  Glow Bernie: tr; Royal Ernie: tr; Fishelson Stan: tr; Rogers Shorty: tr; Markowitz Irving: tr; Swope Earl: trne; Wilson Ollie: trne; Shift Bob: trne; Herman Woody: cl; Marowitz Sam: alto; Getz Stan: ten; Sims Zoot: ten; Steward Herbie: ten; Chaloff Serge: bar; Otis Fred: p: Sargent Herbert: chit; Yoder Walter: cb; Lamond Don: batt; Arrangiamento: Cohn Al; Assoli: Herman, Chaloff, Swope; Woody Herman and his Orchestra</subfield>
  </datafield>
  <datafield tag="511" ind1=" " ind2=" ">
    <subfield code="a">Gillespie Dizzy: tr; Burns Dave: tr; Wright Elmon: tr; Cook Willie: tr; Tarrant Jesse: trne; Shepheard Bill: trne; Brown John: alto; Henry Ernie: alto; Moody James: ten; Gayles Joe: ten; Payne Cecil: bar; Forman James: p; Boyd Nelson: cb; Stewart Teddy: batt; Pozo Chano: bongos; Arrangiamento: Fuller, Gil; Assoli: Boyd, Forman, Gillespie; Dizzy Gillespie and his Orchestra</subfield>
  </datafield>
  <datafield tag="650" ind1=" " ind2=" ">
    <subfield code="a">JAZZ [DISCHI]</subfield>
    <subfield code="e">Codice MATERIA SPICS: 9950</subfield>
    <subfield code="9">13590</subfield>
  </datafield>
  <datafield tag="700" ind1=" " ind2=" ">
    <subfield code="a">Henderson Fletcher</subfield>
    <subfield code="d">Codice autore musica SPICS: 10660</subfield>
    <subfield code="e">Autore musica</subfield>
    <subfield code="p">Variety Stomp</subfield>
    <subfield code="9">13591</subfield>
  </datafield>
  <datafield tag="700" ind1=" " ind2=" ">
    <subfield code="a">Trent Alphonso</subfield>
    <subfield code="d">Codice autore SPICS: 16282</subfield>
    <subfield code="e">Autore</subfield>
    <subfield code="p">Variety Stomp</subfield>
    <subfield code="9">13592</subfield>
  </datafield>
  <datafield tag="700" ind1=" " ind2=" ">
    <subfield code="a">Redman Don</subfield>
    <subfield code="d">Codice autore musica SPICS: 16279</subfield>
    <subfield code="e">Autore musica</subfield>
    <subfield code="p">Save It Pretty Mama</subfield>
    <subfield code="9">13593</subfield>
  </datafield>
  <datafield tag="700" ind1=" " ind2=" ">
    <subfield code="a">Russell Luis</subfield>
    <subfield code="d">Codice autore musica SPICS: 15569</subfield>
    <subfield code="e">Autore musica</subfield>
    <subfield code="p">Saratoga Shout</subfield>
    <subfield code="9">13594</subfield>
  </datafield>
  <datafield tag="700" ind1=" " ind2=" ">
    <subfield code="a">Holmes Charlie</subfield>
    <subfield code="d">Codice autore SPICS: 16285</subfield>
    <subfield code="e">Autore</subfield>
    <subfield code="p">Saratoga Shout</subfield>
    <subfield code="9">13595</subfield>
  </datafield>
  <datafield tag="700" ind1=" " ind2=" ">
    <subfield code="a">Webb Chick</subfield>
    <subfield code="d">Codice autore musica SPICS: 16212</subfield>
    <subfield code="e">Autore musica</subfield>
    <subfield code="p">Let's Get Together</subfield>
    <subfield code="9">13596</subfield>
  </datafield>
  <datafield tag="700" ind1=" " ind2=" ">
    <subfield code="a">Williams Mary Lou</subfield>
    <subfield code="d">Codice autore musica SPICS: 10669</subfield>
    <subfield code="e">Autore musica</subfield>
    <subfield code="p">Walkin' and swingin'</subfield>
    <subfield code="9">13597</subfield>
  </datafield>
  <datafield tag="700" ind1=" " ind2=" ">
    <subfield code="a">Oliver Sy</subfield>
    <subfield code="d">Codice autore musica SPICS: 13026</subfield>
    <subfield code="e">Autore musica</subfield>
    <subfield code="p">For Dancers Only</subfield>
    <subfield code="9">13598</subfield>
  </datafield>
  <datafield tag="700" ind1=" " ind2=" ">
    <subfield code="a">Evans Herschel</subfield>
    <subfield code="d">Codice autore musica SPICS: 16288</subfield>
    <subfield code="e">Autore musica</subfield>
    <subfield code="p">Doggin' Around</subfield>
    <subfield code="9">13599</subfield>
  </datafield>
  <datafield tag="700" ind1=" " ind2=" ">
    <subfield code="a">Waller Thomas Fats</subfield>
    <subfield code="d">Codice autore musica SPICS: 15948</subfield>
    <subfield code="e">Autore musica</subfield>
    <subfield code="p">Honeysuckle Rose</subfield>
    <subfield code="9">13600</subfield>
  </datafield>
  <datafield tag="700" ind1=" " ind2=" ">
    <subfield code="a">Razaf Andy</subfield>
    <subfield code="d">Codice autore SPICS: 10573</subfield>
    <subfield code="e">Autore</subfield>
    <subfield code="p">Honeysuckle Rose</subfield>
    <subfield code="9">13601</subfield>
  </datafield>
  <datafield tag="700" ind1=" " ind2=" ">
    <subfield code="a">Ellington Duke</subfield>
    <subfield code="d">Codice autore musica SPICS: 13023</subfield>
    <subfield code="e">Autore musica</subfield>
    <subfield code="p">Jack the Bear</subfield>
    <subfield code="9">13602</subfield>
  </datafield>
  <datafield tag="700" ind1=" " ind2=" ">
    <subfield code="a">Feather Leonard</subfield>
    <subfield code="d">Codice autore musica SPICS: 13489</subfield>
    <subfield code="e">Autore musica</subfield>
    <subfield code="p">Calling All Bars</subfield>
    <subfield code="9">13603</subfield>
  </datafield>
  <datafield tag="700" ind1=" " ind2=" ">
    <subfield code="a">Scott B.</subfield>
    <subfield code="d">Codice autore musica SPICS: 15525</subfield>
    <subfield code="e">Autore musica</subfield>
    <subfield code="p">Swingmatism</subfield>
    <subfield code="9">13604</subfield>
  </datafield>
  <datafield tag="700" ind1=" " ind2=" ">
    <subfield code="a">McShann Jay</subfield>
    <subfield code="d">Codice autore SPICS: 13052</subfield>
    <subfield code="e">Autore</subfield>
    <subfield code="p">Swingmatism</subfield>
    <subfield code="9">13605</subfield>
  </datafield>
  <datafield tag="700" ind1=" " ind2=" ">
    <subfield code="a">Kenton Stan</subfield>
    <subfield code="d">Codice autore musica SPICS: 16291</subfield>
    <subfield code="e">Autore musica</subfield>
    <subfield code="p">Eager Beaver</subfield>
    <subfield code="9">13606</subfield>
  </datafield>
  <datafield tag="700" ind1=" " ind2=" ">
    <subfield code="a">Cohn Al</subfield>
    <subfield code="d">Codice autore musica SPICS: 10711</subfield>
    <subfield code="e">Autore musica</subfield>
    <subfield code="p">The Goof and I</subfield>
    <subfield code="9">13607</subfield>
  </datafield>
  <datafield tag="700" ind1=" " ind2=" ">
    <subfield code="a">Gillespie Dizzy</subfield>
    <subfield code="d">Codice autore musica SPICS: 10777</subfield>
    <subfield code="e">Autore musica</subfield>
    <subfield code="p">One Bass Hit</subfield>
    <subfield code="9">13608</subfield>
  </datafield>
  <datafield tag="700" ind1=" " ind2=" ">
    <subfield code="a">Brown John</subfield>
    <subfield code="d">Codice autore SPICS: 16293</subfield>
    <subfield code="e">Autore</subfield>
    <subfield code="p">One Bass Hit</subfield>
    <subfield code="9">13609</subfield>
  </datafield>
  <datafield tag="942" ind1=" " ind2=" ">
    <subfield code="c">MD</subfield>
    <subfield code="2">ddc</subfield>
  </datafield>
  <datafield tag="952" ind1=" " ind2=" ">
    <subfield code="0">0</subfield>
    <subfield code="1">0</subfield>
    <subfield code="4">0</subfield>
    <subfield code="6">25684_000000000000000</subfield>
    <subfield code="7">1</subfield>
    <subfield code="a">SPICS</subfield>
    <subfield code="b">SPICS</subfield>
    <subfield code="d">2013-10-25</subfield>
    <subfield code="l">0</subfield>
    <subfield code="o">25684</subfield>
    <subfield code="r">2013-10-25 00:00:00</subfield>
    <subfield code="w">2013-10-25</subfield>
    <subfield code="y">MD</subfield>
    <subfield code="z">Progr. Ins.: 5558 / N.Vol.: 1 / Copie: 1 - Copia rara: n.d. / date import: 01.01.2014 - By Epidotti, Trombetti, Vaglietti</subfield>
  </datafield>
</record>
